US States by History - Statistics

General Stats
  • This quiz has been taken 106 times
  • The average score is 29 of 50
Answer Stats
History Hint State % Correct
Hurricane Katrina flooded this state's largest city, killing around 1000 Louisiana
92%
By 1941, four presidential faces were sculpted into what natives consider a sacred region of this state South Dakota
90%
Mormons migrated here following Brigham Young Utah
90%
The Battle of Gettysburg took place here Pennsylvania
87%
Home to the first permanent English settlement in the Americas Virginia
85%
An attack here led to the US entry into WWII Hawaii
83%
The Civil War began in this state's Fort Sumter South Carolina
83%
Birthplace of Coca-Cola Georgia
79%
Martin Luther King Jr. was assassinated here Tennessee
77%
The Blues likely originated here in "the Delta" Mississippi
75%
Rosa Parks refused to give up her seat here Alabama
73%
Was part of the Commonwealth of Massachusetts until 1820 Maine
72%
A bullion depository was built here in 1936 adjacent to Fort Knox Kentucky
70%
The third Winter Olympic Games were held here, for the first time in the US New York
70%
Along with Washington, in 2012 this was the first state to legalize recreational marijuana Colorado
69%
It was this state's frontier town Dodge City where the phrase "get out of Dodge" arose Kansas
69%
Home to the oldest continuously inhabited European-established settlement in the contiguous US Florida
68%
George Vancouver entered the Strait of Juan de Fuca of the coast of what is now this state in 1792 Washington
68%
A large arch was constructed here as a symbol of westward expansion Missouri
66%
It obtained statehood by separated from another state during the Civil War West Virginia
65%
The first state to ratify the Constitution Delaware
63%
The first ever atomic bomb detonated here New Mexico
63%
Here the National Guard shot and killed or wounded multiple students protesting the Vietnam War in 1970 Ohio
63%
Paul Revere's midnight ride was here Massachusetts
62%
This state's Black Rock Desert is where the Burning Man festival was moved in 1990 Nevada
62%
Thomas Edison created the first light bulb in this state's Menlo Park New Jersey
62%
The final destination of tribes on the Trail of Tears Oklahoma
62%
Where the Roanoke Colony failed North Carolina
61%
Purchased for less than $0.02 per acre Alaska
59%
Six flags have flown over this state Texas
58%
Site of Custer's Last Stand Montana
56%
The first skyscraper was constructed here Illinois
55%
Lewis and Clark's expedition turned back around here Oregon
55%
This state was an independent republic from 1777 and 1791 Vermont
55%
The Gadsden Purchase contributed to about 20% of this state's current area Arizona
51%
The 42nd US President was born here Arkansas
46%
The western terminus of the Pony Express California
41%
The Toledo War granted its statehood Michigan
41%
The last of the 13 Colonies to ratify the Constitution Rhode Island
41%
Where women's suffrage was first enshrined into law Wyoming
41%
A Revolutionary War soldier from here famously toasted "live free or die" New Hampshire
39%
It was originally planned as a haven for English Catholics Maryland
38%
Its name, claimed to mean "gem of the mountains," was fabricated by George M. Willing Idaho
32%
Where Sacagawea met Lewis and Clark North Dakota
31%
Location of the Dakota War of 1862 Minnesota
30%
Birthplace of President Gerald Ford Nebraska
27%
Its first territorial capital was Vincennes Indiana
25%
It owned the Western Reserve in present day Ohio Connecticut
17%
Became the first state to distribute unemployment compensation in 1932 Wisconsin
17%
The Red Delicious apple cultivar originated from here Iowa
15%
No matching quizzes found
Score Distribution
Percent of People with Each Score
Percentile by Number Answered
Your Score History
You have not taken this quiz